000 00302nam a22001337a 4500
008 171023b xxu||||| |||| 00| 0 eng d
020 _a9780534463250
041 _aeng
080 _212TH
_a311
100 _a55
101 _aSTA
245 _aPROBABILITY AND STATISTICS
_cBEAVER,B,M
942 _2udc
_cBK
999 _c35497
_d35497